World Language General Knowledge #2 - Statistics

General Stats
  • This quiz has been taken 90,268 times
    90,216 since last reset
  • The average score is 15 of 20
Answer Stats
Question Answer % Correct
What language is most commonly spoken in Belarus? Russian
94%
What is the official language of Egypt? Arabic
92%
What is the official language of Israel? Hebrew
91%
What language is this: 한국어/조선말? Korean
88%
What is the name for the system of writing for those who are blind? Braille
82%
Which countries, besides Italy, have Italian as an official language? Vatican City
81%
What Indian language sounds very similar to the above? Hindi
79%
Which country does the Tagalog language come from originally? Philippines
77%
Which countries, besides Italy, have Italian as an official language? San Marino
77%
What language is Afrikaans derived from? Dutch
74%
What is Italian for "Thank You"? Grazie
73%
Which countries, besides Italy, have Italian as an official language? Switzerland
72%
What language, other than Spanish, is commonly spoken in Barcelona? Catalan
71%
What language family includes Portuguese, Farsi, and Greek? {Indo}-European
67%
What country is known as "Suomi" in its own language? Finland
66%
What is the official language of Pakistan (other than English)? Urdu
66%
What was the primary language of the Byzantine Empire through most of its history? Greek
59%
In what country, other than China and Taiwan, is Chinese the most commonly-spoken language? Singapore
59%
In which African country is Amharic the official language? Ethiopia
55%
In what country are Igbo and Yoruba spoken? Nigeria
55%
No matching quizzes found
Score Distribution
Percent of People with Each Score
Percentile by Number Answered
Your Score History
You have not taken this quiz since the last reset